| 000 | 00711nam a2200217 a 4500 | ||
|---|---|---|---|
| 005 | 20240228063913.0 | ||
| 008 | 080304s2005 cl r 000 0 spa d | ||
| 020 | _a9806915046 | ||
| 035 | _aUPN01000154718 | ||
| 049 | _aI | ||
| 050 | 4 |
_aF2235.3 _bG3.3 |
|
| 100 | 1 |
_aGarcía Alvarez, Pablo Emilio _938405 |
|
| 245 | 1 | 3 |
_aLa historia de Nevado / _cPablo Emilio García Alvarez ; il. Coralia López. |
| 260 |
_aBogotá : _bEl Nacional, _cc2005. |
||
| 300 |
_a31 p. : _bprincipalmente il. col. |
||
| 440 | 0 |
_aBrújula de papel. _pCiencias sociales ; _v16 |
|
| 600 | 1 | 4 |
_aBOLIVAR, SIMON, _d1783-1830 |
| 650 | 4 |
_aLibros y lectura para niños _92290 |
|
| 700 | 1 |
_aLópez, Coralia, _eil. _942944 |
|
| 905 | _aInfantil | ||
| 999 |
_c126835 _d126835 |
||